000 00844nam a2200217 4500
999 _c57902
_d57902
003 Ge_BSU
005 20210331121320.0
008 210331b2016 enk||||| |||| 00| 0 eng d
024 _qeng
080 _a327 T-44
245 _aThe European Union as a Global Regulator? /
_cEdited by Alasdair R. Young
264 _aLondon :
_bPublished by Routledge,
_c2016.
300 _a125 p. ;
_c25 cm.
440 _aJournal of European Policy Series
_910875
500 _aIndex p. :123-125
653 _aThe European Union as a Global Regulator?
653 _aევროკავშირი, როგორც გლობალური მარეგულირებელი?
653 _aЕвропейский союз как глобальный регулятор?
700 _aYoung, Alasdair R.
_cEdited by
_910876
942 _2udc
_cBK